Дело о поднесении членам высочайшей императорской фамилии и о рассылке к некоторым из начальствующих лиц Империи экземпляров изд...

Доступно только в Электронных читальных залах Найти на картеНа карте
RUSMARC
00003686nmc2a22002413x 450
0017f1e4934-4f49-40aa-872d-1931d67af37b
00520251024054814.0
100##$a20250506l18501851k l0rusy0189 ca
1010#$arus
102##$aRU
105##$ay###
1222#$ad
2001#$aДело о поднесении членам высочайшей императорской фамилии и о рассылке к некоторым из начальствующих лиц Империи экземпляров издаваемого от Академии наук ординарного календаря на 1851 год
$j22 ноября 1850 г. - 20 февраля 1851 г.
215##$a49 л.
$d36,5х26 см
251##$cДело
300##$aНа обложке указано: "№88"
371##$aДокумент не является опубликованным и широко распространяемым
461#0$10012b5b8419-5ce4-4d16-a7a3-85720a295f1f
$12001
$aКанцелярия министра народного просвещения
$1251
$cФонд
$1852
$j735
462#0$1001562cc287-b13c-4f02-8029-f81535ba1e2e
$12001
$aКанцелярия министра народного просвещения
$1251
$cОпись
$1852
$j2
801#0$aRU
$bРГИА
$c20250506
$gRCR
801#1$aRU
$bГлавНИВЦ
$c20250506
$2rusmarc
801#2$aRU
$bПБ им. Б.Н. Ельцина
$c20251024
$gRCR
$2rusmarc
850##$aРГИА
852##$aРГИА
$eФедеральное казенное учреждение "Российский государственный исторический архив" (РГИА)
$j810
937##$hРГИА
$d12421729
$aASBIBLIO_SCAN
035##$aRusGRCC00085799
856##$uhttp://readingroom.main.prlib.ru/item.aspx?id_node=n198655008&mode=full
Формат отображения